00342pab a2200121 454500008004000000100001800040245008300058260000900141300001200150362001200162650002800174773001800202180718b1998 xxu||||| |||| 00| 0 eng d aJaamdar, S.M. aEconomic liberalisation and changing role of the state in the context of R & R c1998 ap.37-57 aJan-Mar aEconomic liberalization aAdministrator